Histoire de la pensée politique grecque
Guardat en:
| Autor principal: | |
|---|---|
| Format: | Llibre |
| Idioma: | francès |
| Publicat: |
París, Francia
Payot
1953
|
| Col·lecció: | Bibliothèque Historique
|
| Matèries: | |
| Etiquetes: |
Afegir etiqueta
Sense etiquetes, Sigues el primer a etiquetar aquest registre!
|
MARC
| LEADER | 00000nam a2200000 a 4500 | ||
|---|---|---|---|
| 001 | UCP9742 | ||
| 003 | CL-VaPUC | ||
| 005 | 20220107074145.0 | ||
| 008 | 000331e19530000FR |||||||||||||||||fre|d | ||
| 999 | |c 286528 |d 286526 | ||
| 040 | |c Pontificia Universidad Católica de Valparaíso | ||
| 082 | 0 | 4 | |a 938 SIN 1953 |2 21 |
| 100 | 0 | |a Sinclair, T. A |e author |9 440517 | |
| 245 | 1 | 0 | |a Histoire de la pensée politique grecque |
| 260 | |a París, Francia |b Payot |c 1953 | ||
| 300 | |a 331 páginas | ||
| 490 | 0 | |a Bibliothèque Historique | |
| 583 | |a last modification |c 20160913 03:56:24 |k Rodrigo Vera | ||
| 650 | 0 | |a Historia antigua |z GRECIA |9 267521 | |
| 650 | 0 | |a Civilización griega |9 265578 | |
| 650 | 7 | |a FILOSOFIA POLITICA |2 CL-VaPUC |9 440518 |z GRECIA | |
| 650 | 0 | |a Monarquía |z GRECIA |9 255259 | |
| 650 | 0 | |a Helenismo |9 267485 | |
| 650 | 7 | |a POLIS |2 CL-VaPUC |9 399031 | |
| 942 | |c BK |2 ddc | ||
| 945 | |d 20000331 00:00:00 |a rherrera | ||
| 952 | |0 0 |1 0 |2 ddc |4 0 |6 938_000000000000000_SIN_1953 |7 0 |8 A |9 332514 |a BIBHIS |b BIBHIS |d 2019-11-20 |i 1261487 |o 938 SIN 1953 |p 1261487 |r 2025-01-20 |t 1 |w 2019-11-20 |y BK |k HIS | ||